| 000 | 00780nam a2200253 i 4500 | ||
|---|---|---|---|
| 001 | 35348 | ||
| 003 | BD-RjUL | ||
| 005 | 20211209052315.0 | ||
| 008 | 140522r19591951 nyu b 001 0 eng | ||
| 020 | _a0882755099 | ||
| 035 | _a(BD-RjUL)35442 | ||
| 040 |
_aDLC _cDLC _dDLC _dBD-RjUL _beng |
||
| 041 | _aeng | ||
| 082 | 0 | 0 |
_a519.5 _bYOS 1959 |
| 100 | 1 |
_aYouden, W. J. _q(William John), _d1900-1971. _9107665 |
|
| 245 | 1 | 0 |
_aStatistical methods for chemists / _cW. J. Youden. |
| 260 |
_aHuntington, N.Y. : _bR.E. Krieger Pub. Co., _cc1951 [reprinted 1959]. |
||
| 300 |
_ax, 126 p. ; _c24 cm. |
||
| 504 | _aIncludes bibliographical references and index. | ||
| 650 | 0 |
_aMathematical statistics. _9107666 |
|
| 942 |
_2ddc _cBK |
||
| 999 |
_c35348 _d35348 |
||